000 00727nam a2200241 a 4500
001 BRL_1341
005 20190320211146.0
008 150114s1953----mx-#######---#000-0#spa-#
041 _aspa
044 _amx
050 4 _aF1210
_b.V39 1953
100 1 _aVázquez Santa Ana, Higinio
_d1889-1962
_926579
245 1 0 _aFiestas y costumbres mexicanas
_cHiginio Vázquez Santa Ana.
260 _aMéxico
_bEdiciones Botas
_c1953
300 _av.
_c20 cm.
500 _av.2 Au1760
650 1 4 _aFestivales
_zMéxico
_926580
650 1 4 _aIndígenas de México
_xReligión
_95291
650 1 4 _aDanzas populares y nacionales
_zMéxico
_925772
651 4 _aMéxico
_xVida social y costumbres
_9769
902 _aGRL
942 _2lcc
_cB
999 _c10153
_d10153